KOHA-Header-6

Introduction and Line to Line The Merchant Of Venice (Record no. 8080)

000 -LEADER
fixed length control field 00282nam a2200109Ia 4500
100 ## - MAIN ENTRY--AUTHOR NAME
Personal name E.C. Pettet
245 #0 - TITLE STATEMENT
Title Introduction and Line to Line The Merchant Of Venice
260 ## - PUBLICATION, DISTRIBUTION, ETC. (IMPRINT)
Place of publication India
Name of publisher S.Chand
Year of publication 1991
300 ## - PHYSICAL DESCRIPTION
Number of Pages 620
942 ## - ADDED ENTRY ELEMENTS (KOHA)
Koha item type Books
Holdings
Withdrawn status Lost status Collection code Permanent Location Current Location Shelving location Date acquired Full call number Accession Number Koha item type
      MAJU MAJU Shelf No.A23 2019-09-13 512.5 2499 English Literature

Powered by Koha